000 00473nam a2200169Ia 4500
999 _c26795
_d26795
003 OSt
005 20201224114124.0
008 190216s9999||||xx |||||||||||||| ||und||
040 _coclc
082 _a910
_bPOT/K
100 _aPottekkat, S K
_92068
245 0 _aKappirikalude Nattil /
_cS K Pottekkat
260 _bMadurbhumi Books,
_c1988.
_aKozhikode:
300 _a92p
650 _aYathravivaranam
942 _cBK
_2ddc
_h910
_iPOT/K
_k910
_mPOT/K